Statistiques concernant Départements français par images n°3

Cliquez ici pour prendre le quiz!

Statistiques générales

  • Ce quiz a été pris 48 fois
  • Le résultat moyen est 13 sur 20

Statistiques - réponses

Réponse% Correct
Loire
91%
Landes
88%
Morbihan
77%
Loire-Atlantique
70%
Loiret
70%
Lot
70%
Moselle
70%
Haute-Marne
67%
Maine-et-Loire
67%
Nord
65%
Marne
63%
Meuse
63%
Loir-et-Cher
56%
Meurthe-et-Moselle
56%
Lot-et-Garonne
53%
Lozère
51%
Nièvre
49%
Haute-Loire
47%
Mayenne
44%
Manche
42%

Distribution des résultats

Percentile par nombre de réponses

% des personnes avec chaque résultat

Votre développement - résultats

Vous n’avez pas pris ce quiz